000 00718nam a2200217 i 4500
001 57478
003 ES-MaACL
005 20250812014739.0
007 t|
008 031016s1966 sp ||||1| spa d
100 1 _aDrower, Margaret S.
_945669
245 1 0 _aEgipto en color /
_ctexto de Margaret S. Drower ; fotografía de Roger Wood ; [lo tradujo Dolores Sánchez de Aleu].
260 _aPamplona :
_bLarraiza,
_c[1966]
300 _a158 p., 57 lám. ;
_c35 cm.
650 0 7 _aArte egipcio
_2embne
_910185
651 4 _aEgipto-
_xRestos arqueológicos.
_9137128
700 1 _aWood, Robert.
_9117318
700 1 _aSánchez Aleu, Dolores.
_9174488
852 _aES-MaACL
_jB-2899
_bR.61431
999 _c57478
_d57478